000 01122nam0a2200349 4500
001 RU\NLR\bibl\302051
005 20260406025943.0
010 _a5-17-006809-3
_bВ пер.
_911000
021 _aRU
_b2002-23351
_91169
035 _a(NLR Aleph) 000297234
090 _a1741044
_c1741044
100 _a20020904d2002 |||y0rusy50 ca
101 1 _arus
_ceng
102 _aRU
105 _ay |||||||||
200 1 _aСейчас или никогда
_e[Роман]
_fЭлизабет Адлер
_g[Пер. с англ. В.М. Заболотного]
210 _aМ.
_cАСТ
_d2002
215 _a349, [1] с.
_d21
225 1 _aСтрасть
610 0 _aСША, 20 в. (х. л.)
675 _a821.111(73)-31Адлер
_v3
_zrus
686 _a17.82
_2rugasnti
686 _a84(7Сое)-44
_2rubbk
686 _aШ6(7США)67-440.4{Лх1979-50}
700 1 _4070
_8rus
_7ca
_aАдлер
_bЭ.
_gЭлизабет
_3RU\NLR\auth\77350
_9110405
801 0 _aRU
_bRKP
_c20020904
_gPSBO
801 1 _aRU
_bRKP
_c20020904
801 2 _aRU
_bNLR
_c20020918
_grcr
942 _cBOOK
980 _aNB